000 00636cam a2200193 a 4500
001 000008785
005 20200929161417.0
008 970514s1996 ck 001 f spa
020 _a9586122506
040 _aDO-SdBNP
_bspa
_cBNPHU
082 _aC863.44
_bE18c
100 1 _aEcheverry R., Javier,
_d1949-
_923328
245 1 3 _aEl camino del caimán /
_cJavier Echeverri Restrepo.
260 _aSantafé de Bogota, (Colombia) :
_bColcultura :
_bTercer Mundo,
_c1996.
300 _a198 p. ;
_c21 cm.
586 _aPremios nacionales de cultura, 1995
650 4 _aNovela colombiana
_91243
650 4 _aLiteratura colombiana
_ySIGLO XX
_914409
999 _c8554
_d8554